| 000 | 00692nam a22001697a 4500 | ||
|---|---|---|---|
| 999 |
_c15252 _d15252 |
||
| 003 | OSt | ||
| 082 | _2631.587 MAR/DE | ||
| 088 | _aT 12 | ||
| 100 |
_aMARY REGINA F _92863 |
||
| 245 | _aDevelopment of rational formula to predict the advance and recession flow in border irrigation method | ||
| 260 |
_aTavanur 1992 _bKelappaji college of Agricultural Engineering and Technology |
||
| 300 | _a112 | ||
| 500 | _aDevelopment of rational formula to predict the advance and recession flow in border irrigation method | ||
| 520 | _aDevelopment of rational formula to predict the advance and recession flow in border irrigation method | ||
| 700 |
_aDr. A. N. Remadevi (Guide) _92819 |
||
| 942 | _cTH | ||